Berlín - Drážďany tri tváre romantizmu v nemeckej podobe

Bibliographic Details
Main Author: Unger, Pavel, 1951- (Author)
Format: Article
Language:Slovak
PhysicalDescription:Fotogr.
ISSN:1335-4140
Subjects:

MARC

LEADER 00000nab a2200000 a 4500
001 vtls009495840
003 SK-MaSNL
005 20260304164532.0
008 250507c2009 xo zr|p|||||||000 b|slo
015 |a SNBRB2009/04  |2 snkbucl 
035 |a (uuid)1e639334-b03e-4bc0-9840-c2ef75dd1021 
035 |a urn:nbn:sk:snk-ab21x8 
035 |a (urnnbn)urn:nbn:sk:snk:ar-a01f9y 
038 |a SNKBUCL 
040 |a SNKBUCL  |b slo  |c SNKBUCL  |e AACR2 
041 0 |a slo 
044 |a xo  |c SK 
080 |a 792.5  |2 2001 
100 1 |a Unger, Pavel,  |d 1951-  |4 aut  |9 340556 
245 1 0 |a Berlín - Drážďany  |b tri tváre romantizmu v nemeckej podobe  |c Pavel Unger 
300 |b Fotogr. 
600 1 7 |a Čajkovskij, Piotr Iľjič,  |d 1840-1893  |t Piková dáma  |2 snkbucl  |9 191932 
600 1 7 |a Gounod, Charles,  |d 1818-1893  |t Faust a Margaréta  |2 snkbucl  |9 87212 
600 1 7 |a Wagner, Richard,  |d 1813-1883  |t Tristan a Isolda  |2 snkbucl  |9 87484 
610 2 7 |a Komische Oper (Berlín, Nemecko)  |2 snkbucl  |9 7130 
610 2 7 |a Staatsoper Unter den Linden  |2 snkbucl  |9 255559 
610 2 7 |a Staatsoper (Drážďany, Nemecko)  |2 snkbucl  |9 28918 
650 0 7 |a opery  |2 snkbucl  |9 3214 
650 0 7 |a operné inscenácie  |2 snkbucl  |9 3330 
655 7 |a recenzie  |2 snkbucl  |9 21907 
773 0 |t Hudobný život  |g Roč. XLI, č. 3 (2009), s. 24-25  |x 1335-4140 
850 |a Slovenská národná knižnica 
852 |a Slovenská národná knižnica 
954 |a odborná, vedecká literatúra pôvodná (slovenská)  |2 lita 
958 |a article27 
958 |a OND 
958 |a RC 
958 |a DE 
958 |a EUIPO 
999 |c 2980864  |d 2982794